000 00280nam a2200097Ia 4500
082 _a641.3463 FLAN
245 0 _aOlives & oils in South Africa
100 _a FLANAGAN, Wendy Hout Bay [South Africa], 2003
_974188
942 _cBK
008 210817s9999 xx 000 0 und d
999 _c244146
_d244145